| 000 | 00399nam a2200157Ia 4500 | ||
|---|---|---|---|
| 008 | 240729s9999 xx 000 0 und d | ||
| 022 | _a2521-5043 | ||
| 245 | 0 | _aEarth Science Malaysia | |
| 260 | _aMalaysia | ||
| 260 | _bZibeline International | ||
| 650 | _a Geology | ||
| 650 | _aScience | ||
| 856 | _uhttps://doaj.org/toc/9d221c444f074a47870d79faa11b49fd | ||
| 942 | _2ddc | ||
| 942 | _cDOAJEJ | ||
| 999 |
_c70580 _d70580 |
||
| 945 |
_a1 _bMadushi Gamage _c1 _dMadushi Gamage |
||